Caligrafía dominicana en script no. 1/ (Registro nro. 9520)

Detalles MARC
000 -LIDER
fixed length control field 01017nam a22002417a 4500
001 - NÚMERO DE CONTROL
Identificador de número de control 00005628
003 - IDENTIFICACDOR DE NÚMERO DE CONTROL
control field DO-SdBNP
005 - DATE AND TIME OF LATEST TRANSACTION
control field 20180313093532.0
007 - CAMPOS FIJOS DE DESCRIPCIÓN FÍSICA
fixed length control field 00005628
008 - ELEMENTOS DE LONGITUD FIJA
fixed length control field 160404b 2011 dr 00| 0 spa d
040 ## - FUENTE DE CATALOGACIÓN
Enlace BPMSU
Campo enlazado y núm. de secuencia spa
Agencia que crea de manera original el registro BPMSU
Agencia que realiza la transcripción dr
100 ## - ASIENTO PRINCIPAL -- NOMBRE PERSONAL
Término de relación Montes de Oca y Boyer, Aleyda
245 ## - MENCIÓN DE TITULO
Título Caligrafía dominicana en script no. 1/
Mención de responsabilidad Aleyda Montes de Ocay Boyer , Ysabel Ernestina Pacheco Tavárez ; dibujo Katja Karina Féliz Montes de Oca, Ayeska Carolina Féliz Montes de Oca,
260 ## - PUBLICACIÓN, DISTRIBUCIÓN, ETC. (PIE DE IMPRENTA)
Lugar de publicación, distribución, etc Santo Domingo :
Nombre del editor, distribuidor, etc. (ITESA)
Fecha de publicación, distribución, etc 2011.
300 ## - DESCRIPCIÓN FÍSICA
Extensión 83 p. ;
Otros detalles físicos il.,
Dimensiones 28 cm.
500 ## - NOTA GENERAL
Nota general Aprovado por la Secretaría de Estado de Educación. Mediante los siguientes oficios no.359, 360 y 361 17/12/91
700 ## - ASIENTO SECUNDARIO -- NOMBRE PERSONAL
Término de relación Féliz Montes de Oca,,Katja Karina
Mención de responsabilidad dibujo
700 ## - ASIENTO SECUNDARIO -- NOMBRE PERSONAL
Término de relación Pacheco Tavárez, Ysabel Ernestina
700 ## - ASIENTO SECUNDARIO -- NOMBRE PERSONAL
Nombre personal Féliz Montes de Oca, Ayeska Carolina
Mención de responsabilidad dibujo
710 ## - ASIENTO SECUNDARIO -- NOMBRE CORPORATIVO
Término de relación Instituto Tenológico Saleciano (República Dominicana)
942 ## - ADDED ENTRY ELEMENTS (KOHA)
Source of classification or shelving scheme Dewey Decimal Classification
Koha item type Libros
956 ## - LOCAL ELECTRONIC LOCATION AND ACCESS (OCLC)
Método de acceso VMATEO
Materiales especificados 10
Enlace 20160404
Campo enlazado y núm. de secuencia BPMSU
Nombre de host 0069
Existencias
Withdrawn status Lost status Source of classification or shelving scheme Damaged status Not for loan Collection code Home library Current library Date acquired Source of acquisition Total Checkouts Barcode Date last seen Price effective from Koha item type Copy number
    Dewey Decimal Classification       Biblioteca Pública Metropolitana Salomé Ureña Biblioteca Pública Metropolitana Salomé Ureña 04/04/2016 Donación   BPMET16040061 04/04/2016 04/04/2016 Libros  
    Dewey Decimal Classification       Biblioteca Pública Metropolitana Salomé Ureña Biblioteca Pública Metropolitana Salomé Ureña 04/04/2016 Donación   BPMET16040062 04/04/2016 04/04/2016 Libros ej. 2